|
|
|
|
| LEADER |
00000nam a2200000 a 4500 |
| 001 |
vtls001358398 |
| 003 |
SK-MaSNL |
| 005 |
20260223130213.0 |
| 008 |
180126sm y0 xo 0 und |
| 035 |
|
|
|a SNK000311920
|
| 040 |
|
|
|a SNK
|b slo
|c SNK
|e AACR2
|
| 044 |
|
|
|a xo
|c SK
|
| 245 |
1 |
|
|a STN P ENV 1992-2 Eurokód 2
|b Navrhovanie betónových konštrukcií. Časť 2: Betónové mosty
|
| 260 |
|
|
|a Bratislava
|b Úrad pre normalizáciu, metrológiu a skúšobníctvo SR
|c 1999
|
| 300 |
|
|
|a 60 s.
|
| 999 |
|
|
|c 548559
|d 550489
|
| 952 |
|
|
|t P60, <03>, [BOOK], {603}
|a SNK
|b SNK
|y PREZ
|7 0
|p 17A0185847
|o snkSTN P ENV 1992-2
|i snkN 925/99
|0 0
|1 0
|4 0
|d 1999-03-23
|l 0
|r 2005-01-02 00:00:00
|w 2026-02-23
|
| 952 |
|
|
|t P60, <04>, [BOOK], {604}
|a SNK
|b SNK
|y VYP
|7 0
|p 17A0185848
|o snkSTN P ENV 1992-2 D1
|i snkN 926/99
|0 0
|1 0
|4 0
|d 1999-03-23
|l 0
|r 2005-01-02 00:00:00
|w 2026-02-23
|